Η πρώιμη οθωμανοκρατία στη Θράκη : άμεσες δημογραφικές συνέπειες

Αποθηκεύτηκε σε:
Λεπτομέρειες βιβλιογραφικής εγγραφής
Κύριος συγγραφέας: Βογιατζής, Γεώργιος, 1961-
Μορφή: Βιβλίο
Γλώσσα:Greek
Δημοσίευση: Θεσσαλονίκη : Σταμούλης, 1998
Θέματα:
Ετικέτες: Προσθήκη ετικέτας
Δεν υπάρχουν, Καταχωρήστε ετικέτα πρώτοι!

MARC

LEADER 00000cam a2200000 i 4500
001 1/44546
008 140319s1998 gre d
020 |a 978-960-6887-18-5 
035 |l 10117145 
040 |a GR-MY-UA  |b gre  |e aacr 
041 0 |a gre 
082 0 |a 938.492  |2 (22) 
100 1 |a Βογιατζής, Γεώργιος,   |d 1961- 
245 1 2 |a Η πρώιμη οθωμανοκρατία στη Θράκη :  |b άμεσες δημογραφικές συνέπειες /  |c Βογιατζής Γεώργιος 
260 |a Θεσσαλονίκη :   |b Σταμούλης,   |c 1998 
300 |a 496 σ. ;  |c 24 εκ. 
504 |a Περιέχει βιβλιογραφία και ευρετήρια 
505 8 |a 1. Η Θράκη του 14ου και 15ου αιώνα και οι ιστορικές πηγές -- 2. Το Οθωμανικό κράτος πριν την κατάκτηση της Θράκης -- 3. Η κατάκτηση της Θράκης από τους Οθωμανούς (1352-1373/1374) -- 4. Η κατάκτηση της Θράκης και το Βυζάντιο -- 5. Οι μεταβολές των συνόρων μετά το έτος 1373/1374 και η ολοκλήρωση της κατάκτησης της Θράκης -- 6. Ο εποικισμός της Θράκης ως άμεσο επακόλουθο της Οθωμανικής κατάκτησης -- 7. Η παραλία της Ανατολικής Θράκης μετά την κατάκτηση -- 8. Η Καλλίπολη μετά την κατάκτηση -- 9. Η ενδοχώρα της Ανατολικής Θράκης μετά την κατάκτηση -- 10. Η Ανδριανούπολη μετά την κατάκτηση -- 11. Η Δυτική Θράκη μετά την κατάκτηση -- 12. Οι εξισλαμισμοί στη Θράκη το 14ο και 15ο αιώνα -- 13. Η συνολική εικόνα της Θράκης μετά από την κατάκτηση -- Συμπέρασμα -- Βιβλιογραφία -- Ευρετήριο ιστορικών προσώπων και τοπονυμίων -- Χάρτης. 
651 0 |a Thrace  |x History  |y 1362-1913. 
651 0 |a Thrace  |x Population  |x History  |y To 1500. 
852 |a INST  |b LESVOS  |c EUDOXUS  |e 20140319  |h 938.492 ΒΟΓ  |p 005100053885  |q 005100053885  |t EDX  |y 0 
901 |a BIBL1-2014-1 
909 |a Λ  |b 186699 
920 |a ΕΥΔΟΞΟΣ  |b ΠΑΡΑΓΓΕΛΙΑ  |y ΛΕΣΒΟΣ-ΤΚΑΙ  |z 2013-12 
970 |a ΤΖΑΦΕΡΗ  |b ΕΥΑΓΓΕΛΙΑ  |z 2014/03/19